[Event "London Classic FIDE Open"]
[Site "London ENG"]
[Date "2011.12.11"]
[Round "9"]
[White "Iyengar, Ilya"]
[Black "Jakobsen, Alf Gjoran"]
[Result "1-0"]
[WhiteElo "1974"]
[BlackElo "1861"]
[WhiteFideId "405949"]
[BlackFideId "1508008"]
[EventDate "2011.12.03"]

1. d4 e6 2. Nf3 Nf6 3. c4 d5 4. Nc3 c6 5. Qc2 Bb4 6. e3 Qa5 7. Bd2 Nbd7 8. Bd3
dxc4 9. Bxc4 Nb6 10. Bd3 Nbd5 11. O-O Nxc3 12. bxc3 Bd6 13. e4 e5 14. c4 Bb4 15.
Bxb4 Qxb4 16. Nxe5 Qd6 17. Nf3 Qf4 18. Qd2 Qg4 19. Qg5 h6 20. Qe5+ Qe6 21. d5
Qxe5 22. Nxe5 cxd5 23. cxd5 O-O 24. f4 Re8 25. Rae1 a6 26. Nc4 b5 27. Nb6 Rb8
28. Nxc8 Rexc8 29. d6 Rc3 30. Bb1 Nd7 31. e5 Re8 32. Bf5 Nb6 33. Rc1 Na4 34.
Rxc3 Nxc3 35. Rf2 g6 36. Bd7 Rd8 37. Bc6 Rc8 38. d7 Rd8 39. Rc2 b4 40. a3 a5 41.
axb4 axb4 42. Rb2 Rb8 43. Rxb4 Rd8 44. Rc4 1-0

[Event "London Classic FIDE Open"]
[Site "London ENG"]
[Date "2011.12.11"]
[Round "9"]
[White "Cetens, Edward"]
[Black "Amato, Giampiero"]
[Result "1/2-1/2"]
[WhiteElo "1708"]
[BlackElo "1973"]
[WhiteFideId "360465"]
[BlackFideId "813303"]
[EventDate "2011.12.03"]

1. c4 c5 2. g3 g6 3. Nc3 Bg7 4. Bg2 Nc6 5. Nf3 e6 6. Rb1 Nge7 7. a3 O-O 8. O-O
d5 9. d3 b6 10. Qc2 Bb7 11. b4 cxb4 12. axb4 Rc8 13. c5 bxc5 14. bxc5 Na5 15.
Nb5 a6 16. Nd6 Qxd6 17. cxd6 Rxc2 18. dxe7 Re8 19. Ba3 Bf6 20. Rfc1 Rxc1+ 21.
Bxc1 Rxe7 22. Ng5 Nc6 23. e4 Nd4 24. Kf1 Kg7 25. f4 dxe4 26. Nxe4 Bxe4 27. dxe4
e5 28. Rb6 Ra7 29. Be3 a5 30. Rb2 a4 31. Kf2 a3 32. Ra2 Ra4 33. Bf1 exf4 34.
gxf4 Bh4+ 35. Kg2 Be7 36. Bd3 Bc5 37. Kh3 h5 38. f5 Ra8 39. Bc4 Ra5 40. fxg6
fxg6 41. Rf2 Nf5 42. exf5 Bxe3 43. f6+ Kf8 44. Re2 Rc5 45. Rxe3 Rxc4 46. Rxa3
Rf4 47. Kg3 Rxf6 48. Rf3 Kg7 49. Re3 g5 50. Ra3 Kg6 51. Ra4 Rb6 52. Ra3 Rb5 53.
Rf3 Rb1 54. Rc3 Rf1 55. Rc7 Rf6 56. Rc5 Ra6 57. Rc3 h4+ 58. Kg2 Ra2+ 59. Kg1 Re2
60. Rc1 Kf5 61. Ra1 Kf4 62. Rb1 Kf3 63. Rb3+ Re3 64. Rb1 Kg4 65. Kf2 Ra3 66. Kg2
Ra2+ 67. Kg1 Re2 68. Ra1 Kf3 69. Ra3+ Re3 70. Ra1 Rd3 71. Rf1+ Ke2 72. Kg2 g4
73. Rf2+ Ke3 74. Rf1 Rd2+ 75. Kg1 Re2 76. Rd1 Kf4 77. Rf1+ Kg5 78. Rd1 Kf5 79.
Ra1 Ke4 80. Ra4+ Kf3 81. Ra3+ Re3 82. Ra1 Rd3 83. Re1 Rd2 84. Rf1+ Ke3 85. Re1+
Re2 86. Rd1 Ke4 87. Ra1 Rd2 88. Re1+ Kd3 89. Rf1 Kc2 90. Rf4 Rd1+ 91. Kg2 Rd2+
92. Kg1 Rd1+ 93. Kg2 h3+ 94. Kg3 Rg1+ 95. Kh4 Rg2 96. Rxg4 Rxh2 1/2-1/2

[Event "London Classic FIDE Open"]
[Site "London ENG"]
[Date "2011.12.11"]
[Round "9"]
[White "Millward, Kevin P"]
[Black "Veznik, Michael"]
[Result "1-0"]
[WhiteElo "1971"]
[BlackElo "1821"]
[WhiteFideId "404721"]
[BlackFideId "360287"]
[EventDate "2011.12.03"]

1. e4 c5 2. Nc3 e6 3. Nge2 Nc6 4. g3 d5 5. Bg2 d4 6. Nb1 e5 7. d3 Be7 8. O-O Be6
9. f4 f6 10. Nd2 Nh6 11. h3 O-O 12. f5 Bd7 13. Nf3 Nf7 14. g4 g5 15. fxg6 hxg6
16. Qe1 Kg7 17. Qg3 Rh8 18. Bd2 b5 19. h4 Qc8 20. Bh3 c4 21. Nh2 Nb4 22. Rfc1 a5
23. a3 Nc6 24. Rf1 Be6 25. Rf3 Qd7 26. Raf1 Raf8 27. Qf2 Rh7 28. Ng3 Nd6 29. g5
Bxh3 30. gxf6+ Bxf6 31. Rxf6 Rb8 32. Rxg6+ Kh8 33. Qf8+ 1-0

[Event "London Classic FIDE Open"]
[Site "London ENG"]
[Date "2011.12.11"]
[Round "9"]
[White "Boger, Raymond"]
[Black "Bishop, Geoffrey L"]
[Result "1-0"]
[WhiteElo "1959"]
[BlackElo "1791"]
[WhiteFideId "1507419"]
[BlackFideId "417491"]
[EventDate "2011.12.03"]

1. c4 e5 2. g3 Nc6 3. Bg2 Nf6 4. Nc3 d6 5. e4 g6 6. Nge2 Bg7 7. O-O O-O 8. d3
Be6 9. h3 Qd7 10. Kh2 Ne7 11. Be3 c6 12. f4 h5 13. Qd2 exf4 14. Nxf4 b6 15. Rae1
Rad8 16. b3 d5 17. cxd5 cxd5 18. Nxe6 fxe6 19. e5 d4 20. exf6 dxe3 21. Qxe3 Bxf6
22. Ne4 Bg7 23. Qg5 Kh7 24. Nf6+ Bxf6 25. Rxf6 Qxd3 26. Rfxe6 Ng8 27. Rxg6 Qxg6
28. Be4 1-0

[Event "London Classic FIDE Open"]
[Site "London ENG"]
[Date "2011.12.11"]
[Round "9"]
[White "Sigurdsson, Birkir Karl"]
[Black "Maduekwe, Chiedu"]
[Result "1/2-1/2"]
[WhiteElo "1649"]
[BlackElo "2180"]
[WhiteFideId "2304180"]
[BlackFideId "8500118"]
[EventDate "2011.12.03"]

1. c4 Nf6 2. g3 c6 3. Bg2 d5 4. Nf3 g6 5. O-O Bg7 6. b3 Ne4 7. d4 O-O 8. Bb2 Be6
9. Qd3 Na6 10. a3 Nac5 11. Qc2 Nd7 12. Nc3 f5 13. Nxe4 fxe4 14. Ng5 Bf5 15. e3
e5 16. Nh3 exd4 17. Bxd4 Bxd4 18. exd4 Nf6 19. Qd2 Qd7 20. Nf4 g5 21. Ne2 h6 22.
h4 Qg7 23. hxg5 hxg5 24. Rfc1 Rae8 25. cxd5 cxd5 26. Rc7 Qxc7 27. Qxg5+ Kf7 28.
Qxf5 Qd7 29. Qxd7+ Nxd7 30. Nf4 Nf6 31. Bh3 Re7 32. Rc1 Rd8 33. Bf5 Rd6 34. Kg2
Rc6 35. Rh1 Kg7 36. g4 Rd6 37. g5 Ng8 38. Rh7+ Kf8 39. Ng6+ Rxg6 40. Bxg6 Rxh7
41. Bxh7 Ne7 42. Kg3 Kg7 43. g6 Nf5+ 44. Kf4 Nxd4 45. Ke5 Nxb3 46. Kxd5 Nd2 47.
Kd4 b5 48. Kc5 a6 49. Kb6 Nc4+ 50. Kxa6 Nxa3 51. Ka5 Nc4+ 52. Kxb5 Ne5 53. Kc5
Nd3+ 54. Kd4 1/2-1/2

[Event "London Classic FIDE Open"]
[Site "London ENG"]
[Date "2011.12.11"]
[Round "9"]
[White "Kluger, Carsten"]
[Black "McCarthy, Damian"]
[Result "1-0"]
[WhiteElo "2060"]
[BlackElo "1882"]
[WhiteFideId "4680855"]
[BlackFideId "422240"]
[EventDate "2011.12.03"]

1. e4 c5 2. Nc3 Nc6 3. f4 g6 4. Nf3 Bg7 5. g3 d6 6. Bg2 e5 7. d3 Nge7 8. O-O O-O
9. Be3 f6 10. Ne2 b6 11. Qd2 d5 12. fxe5 fxe5 13. exd5 Nxd5 14. Bh6 Qd6 15. Bxg7
Kxg7 16. Nc3 Be6 17. Nb5 Qd7 18. Rae1 a6 19. Nc3 Qd6 20. Ne4 Qd7 21. Neg5 h6 22.
Nxe6+ Qxe6 23. c3 Qd6 24. Qe2 Rae8 25. Nd2 b5 26. Qe4 Nde7 27. Nf3 Nd5 28. Nh4
Nde7 29. Rxf8 Rxf8 30. Nf3 Qf6 31. Nxe5 Nd8 32. Rf1 Qe6 33. Rxf8 Kxf8 34. a3 Kg7
35. h3 Nf5 36. Kh2 Qa2 37. Nd7 Nf7 38. Qe8 g5 39. Qf8+ Kg6 40. Qxc5 Qxb2 41.
Ne5+ Nxe5 42. Qxe5 Qf2 43. d4 h5 44. Qe6+ Kg7 45. Qd7+ Kg6 46. Qc6+ Kf7 47. Qf3
Qxf3 48. Bxf3 Ke6 49. Bxh5 Kd5 50. Bf7+ Ke4 51. Bg6 1-0

[Event "London Classic FIDE Open"]
[Site "London ENG"]
[Date "2011.12.11"]
[Round "9"]
[White "Wigbout, Rod"]
[Black "De Coverly, Roger D"]
[Result "0-1"]
[WhiteElo "1827"]
[BlackElo "2027"]
[WhiteFideId "419850"]
[BlackFideId "405213"]
[EventDate "2011.12.03"]

1. d4 Nf6 2. c4 g6 3. Nc3 Bg7 4. e4 d6 5. Nf3 O-O 6. h3 e5 7. dxe5 dxe5 8. Qxd8
Rxd8 9. Bg5 Na6 10. Nd5 Rd6 11. Rc1 Nxe4 0-1

[Event "London Classic FIDE Open"]
[Site "London ENG"]
[Date "2011.12.11"]
[Round "9"]
[White "Wood, Peter R"]
[Black "Homolka, Vincent"]
[Result "1/2-1/2"]
[WhiteElo "2027"]
[BlackElo "1859"]
[WhiteFideId "422215"]
[BlackFideId "423033"]
[EventDate "2011.12.03"]

1. e4 d5 2. exd5 Qxd5 3. Nc3 Qa5 4. d4 Nf6 5. Nf3 c6 6. Bc4 Bf5 7. O-O e6 8. Bf4
Nbd7 9. Qe2 Be7 10. h3 O-O 11. Nh4 Nb6 12. Bc7 Rac8 13. Bxb6 axb6 14. Nxf5 Qxf5
15. Bd3 Qf4 16. Qe3 Qxe3 1/2-1/2

[Event "London Classic FIDE Open"]
[Site "London ENG"]
[Date "2011.12.11"]
[Round "9"]
[White "Andersen, Niels Erik"]
[Black "Chidi, Lovinia Sylvia"]
[Result "1/2-1/2"]
[WhiteElo "2018"]
[BlackElo "1815"]
[WhiteFideId "1406507"]
[BlackFideId "1270574"]
[EventDate "2011.12.03"]

1. d4 d5 2. c4 c6 3. Nf3 Nf6 4. Nc3 e6 5. g3 Be7 6. Bg2 O-O 7. O-O Re8 8. Qc2
Nbd7 9. b3 Nf8 10. Bb2 Bd7 11. Rad1 Rc8 12. e4 dxe4 13. Nxe4 Qc7 14. Neg5 Ng6
15. h4 h6 16. Ne4 Rcd8 17. Nc5 Bc8 18. Ne4 b6 19. Ne5 Nxe5 20. dxe5 Nxe4 21.
Qxe4 Rxd1 22. Rxd1 c5 23. Qg4 Rd8 24. Rd6 Bb7 25. Bf1 Bf8 1/2-1/2

[Event "London Classic FIDE Open"]
[Site "London ENG"]
[Date "2011.12.11"]
[Round "9"]
[White "Hayward, Alan"]
[Black "Turner, David J"]
[Result "1-0"]
[WhiteElo "1984"]
[BlackElo "1775"]
[WhiteFideId "415936"]
[BlackFideId "419737"]
[EventDate "2011.12.03"]

1. d4 Nf6 2. Nc3 d6 3. e4 g6 4. f3 Bg7 5. Be3 Nfd7 6. Qd2 c5 7. Nh3 Nc6 8. d5
Nd4 9. Ne2 Qb6 10. c3 Nxe2 11. Bxe2 a6 12. Nf2 Nf6 13. O-O Qd8 14. a4 b6 15. Bh6
O-O 16. Bxg7 Kxg7 17. c4 h5 18. f4 Rh8 19. Qc3 Kg8 20. e5 Ne8 21. Ne4 Bf5 22.
Ng5 dxe5 23. fxe5 e6 24. h4 Ra7 25. Rad1 Qe7 26. Bd3 Ng7 27. dxe6 Bxe6 28. Be4
Bf5 29. Rd6 Bxe4 30. Nxe4 Ne6 31. Nf6+ Kg7 32. Qg3 Nd4 33. Qg5 Ne6 34. Qe3 Rb7
35. Qe4 Nd4 36. Nd5 Qf8 37. Nf4 Qc8 38. Rxg6+ 1-0

[Event "London Classic FIDE Open"]
[Site "London ENG"]
[Date "2011.12.11"]
[Round "9"]
[White "Staneland, Peter E"]
[Black "McKerracher, Douglas"]
[Result "0-1"]
[WhiteElo "1812"]
[BlackElo "1976"]
[WhiteFideId "416576"]
[BlackFideId "2401002"]
[EventDate "2011.12.03"]

1. Nf3 f5 2. d4 Nf6 3. c4 e6 4. Nc3 d5 5. e3 c6 6. cxd5 exd5 7. Bd3 Bd6 8. O-O
O-O 9. Ne5 Nbd7 10. f4 Ne4 11. Bxe4 fxe4 12. Bd2 Nf6 13. Qe2 Qe8 14. Rac1 b6 15.
a4 a5 16. Qf2 Ba6 17. Rfe1 Rc8 18. Ne2 Rc7 19. b3 Qc8 20. Qh4 Be7 21. Ng3 Bd6
22. Qg5 Qe8 23. Nf5 Ba3 24. Rxc6 Ra7 25. Rxb6 Bc8 26. Rb8 Qh5 27. Qxh5 Nxh5 28.
Ng3 Nf6 29. Rb5 Rc7 30. Bxa5 Rc2 31. Bb4 Bxb4 32. Rxb4 Ba6 33. Rb6 Bd3 34. Nf5
g6 35. Ne7+ Kg7 36. Rb7 Kh8 37. b4 Ra8 38. a5 Ne8 39. Nxd3 Nd6 0-1

[Event "London Classic FIDE Open"]
[Site "London ENG"]
[Date "2011.12.11"]
[Round "9"]
[White "Vachtfeidl, Petr"]
[Black "York-Andersen, Anna"]
[Result "1/2-1/2"]
[WhiteElo "1969"]
[BlackElo "1755"]
[WhiteFideId "315028"]
[BlackFideId "416789"]
[EventDate "2011.12.03"]

1. e4 c6 2. d4 d5 3. Nc3 dxe4 4. Nxe4 Bf5 5. Ng3 Bg6 6. h4 h6 7. Nf3 Nd7 8. h5
Bh7 9. Bd3 Bxd3 10. Qxd3 Qc7 11. Bd2 e6 12. O-O-O Ngf6 1/2-1/2

[Event "London Classic FIDE Open"]
[Site "London ENG"]
[Date "2011.12.11"]
[Round "9"]
[White "Plug, Arjan"]
[Black "Opasiak, Dustin Tennessee"]
[Result "1-0"]
[WhiteElo "1945"]
[BlackElo "1737"]
[WhiteFideId "1011600"]
[BlackFideId "24630217"]
[EventDate "2011.12.03"]

1. e4 e6 2. d4 d5 3. Nd2 Nf6 4. e5 Nfd7 5. Ngf3 c5 6. c3 Nc6 7. Bd3 Qb6 8. O-O
cxd4 9. cxd4 Nxd4 10. Nxd4 Qxd4 11. Nf3 Qb6 12. Qa4 Bc5 13. a3 Kf8 14. Qg4 f5
15. Qh4 Be7 16. Bg5 Bxg5 17. Qxg5 Nc5 18. Bc2 Bd7 19. b4 Ne4 20. Bxe4 dxe4 21.
Rfd1 Qd8 22. Qd2 Ke8 23. Ng5 Rb8 24. Qd6 Rf8 25. Rac1 h6 26. Rc7 Qe7 27. Qxe7+
Kxe7 28. Rdxd7+ Ke8 29. Re7+ Kd8 30. Nxe6# 1-0

[Event "London Classic FIDE Open"]
[Site "London ENG"]
[Date "2011.12.11"]
[Round "9"]
[White "Kouchak, Jason"]
[Black "De Lagontrie, Jean"]
[Result "1/2-1/2"]
[WhiteElo "1776"]
[BlackElo "1912"]
[WhiteFideId "26011379"]
[BlackFideId "605271"]
[EventDate "2011.12.03"]

1. d4 c5 2. c3 e6 3. Nf3 d5 4. Bg5 f6 5. Bf4 Nc6 6. e3 Qb6 7. Qc2 Nge7 8. Nbd2
Ng6 9. Bg3 Be7 10. Bd3 f5 11. h4 h5 12. dxc5 Bxc5 13. Nb3 Bd7 14. Nbd4 Nge7 15.
Ng5 Nxd4 16. exd4 Bd6 17. Be5 Bxe5 18. dxe5 Nc6 19. O-O O-O 20. Rfe1 Rae8 21.
Qe2 g6 22. a3 Kg7 23. Kh2 Ne7 24. f4 Ng8 25. Qe3 Qxe3 26. Rxe3 Rc8 27. Be2 Rc7
28. Bb5 Re8 29. Bxd7 Rxd7 30. Rd1 Nh6 31. Kg3 Rc7 32. Red3 Nf7 33. Nf3 a6 34.
Nd4 Nd8 35. Nf3 b5 36. b3 Nb7 37. b4 Nd8 38. a4 Nc6 39. axb5 axb5 40. Ra1 Kf7
41. Rdd1 Rec8 42. Ng5+ Ke7 43. Ra6 Rb8 44. Raa1 Rd7 1/2-1/2

[Event "London Classic FIDE Open"]
[Site "London ENG"]
[Date "2011.12.11"]
[Round "9"]
[White "Wright, Jonathan ENG"]
[Black "Tortorella, Giancarlo"]
[Result "1-0"]
[WhiteElo "1846"]
[BlackElo "1766"]
[WhiteFideId "418331"]
[BlackFideId "824909"]
[EventDate "2011.12.03"]

1. e4 e5 2. Nf3 Nc6 3. Bb5 a6 4. Ba4 Nf6 5. O-O b5 6. Bb3 Be7 7. d4 O-O 8. dxe5
Nxe4 9. Bd5 Nc5 10. b3 Bb7 11. Nc3 Rb8 12. Bf4 b4 13. Ne4 Nxe4 14. Bxe4 Re8 15.
Qd3 g6 16. Rad1 d6 17. e6 f5 18. Bd5 Kg7 19. c4 Bf6 20. Rfe1 Qe7 21. Re3 Nd8 22.
Nd4 Bxd5 23. cxd5 Nb7 24. Nc6 Qf8 25. Nxb8 Rxb8 26. Qxa6 g5 27. Rg3 Nc5 28. Qc6
Ne4 29. Qxc7+ Kh8 30. Rh3 h6 31. Bc1 Rc8 32. e7 Bxe7 33. Bb2+ Kh7 34. Qd7 Nxf2
35. Re3 Ne4 36. g4 Rd8 37. Qxf5+ Qxf5 38. gxf5 Bf6 39. Bxf6 Nxf6 40. Re7+ Kg8
41. Rd4 Ra8 42. Re6 Kf7 43. Rxb4 Nxd5 44. Rb7+ Kf8 45. Rxh6 Ne7 46. Rf6+ Kg7 47.
Re6 Rxa2 48. f6+ Kf7 49. Rbxe7+ Kf8 50. Rxd6 Ra8 51. Kf2 g4 52. Kg3 Rb8 53. Kxg4
Rb4+ 54. Kg5 Rb5+ 55. Kg6 Rb8 56. h4 Kg8 57. b4 Kh8 58. b5 Rg8+ 59. Kh6 Rb8 60.
Rh7+ Kg8 61. f7+ 1-0

[Event "London Classic FIDE Open"]
[Site "London ENG"]
[Date "2011.12.11"]
[Round "9"]
[White "Kane, Robert"]
[Black "Pattni, Kishan"]
[Result "1/2-1/2"]
[WhiteElo "1888"]
[BlackElo "1687"]
[WhiteFideId "420468"]
[BlackFideId "420751"]
[EventDate "2011.12.03"]

1. d4 Nf6 2. Nf3 e6 3. e3 b6 4. Bd3 Bb7 5. O-O d5 6. b3 c5 7. Bb2 Bd6 8. Nbd2
O-O 9. Ne5 Ne4 10. f3 Nxd2 11. Qxd2 f5 12. f4 Nc6 13. Nxc6 Bxc6 14. Qf2 Qf6 15.
Qg3 Qg6 16. Qxg6 hxg6 17. a4 a5 18. Rac1 c4 19. bxc4 Bxa4 20. cxd5 exd5 21. c4
Bb4 22. Bc3 Rfe8 23. Kf2 Bd6 1/2-1/2

[Event "London Classic FIDE Open"]
[Site "London ENG"]
[Date "2011.12.11"]
[Round "9"]
[White "Kalerwa, Edwin M"]
[Black "Clayton, Tristan"]
[Result "1-0"]
[WhiteElo "1728"]
[BlackElo "1812"]
[WhiteFideId "422223"]
[BlackFideId "416533"]
[EventDate "2011.12.03"]

1. e4 c6 2. d4 d5 3. e5 Bf5 4. g3 e6 5. Bg2 Nd7 6. Ne2 Qb6 7. a4 c5 8. a5 Qc7 9.
c3 Bxb1 10. Rxb1 Qxa5 11. O-O cxd4 12. Nxd4 Nxe5 13. Re1 Nc6 14. Nb3 Qd8 15.
Bxd5 Nf6 16. Bxc6+ bxc6 17. Nd4 Bc5 18. Nxc6 Qb6 19. Nd4 O-O 20. Be3 Rfd8 21.
Qf3 Rac8 22. b4 Bf8 23. Ne2 Qb5 24. Red1 Rd3 25. Rxd3 Qxd3 26. Ra1 Nd5 27. Rxa7
Nxc3 28. Qxf7+ Kh8 29. Nxc3 Qxc3 30. b5 Qb2 31. b6 Qb1+ 32. Kg2 Qe4+ 33. Qf3 Qb4
34. Rc7 Rb8 35. b7 Qd6 36. Rc8 1-0

[Event "London Classic FIDE Open"]
[Site "London ENG"]
[Date "2011.12.11"]
[Round "9"]
[White "Haddock, Paul"]
[Black "Lie, Terje"]
[Result "1-0"]
[WhiteElo "1695"]
[BlackElo "1644"]
[WhiteFideId "419150"]
[BlackFideId "1504916"]
[EventDate "2011.12.03"]

1. e4 g6 2. d4 d6 3. Nc3 Nf6 4. f4 Bg4 5. Nf3 Bg7 6. Be2 c6 7. Be3 b5 8. e5 Nfd7
9. O-O d5 10. Ng5 Bxe2 11. Qxe2 h6 12. Nf3 e6 13. Rae1 b4 14. Na4 Qa5 15. b3 Na6
16. g4 h5 17. Ng5 c5 18. f5 cxd4 19. Bxd4 hxg4 20. fxe6 fxe6 21. Qxg4 Nac5 22.
Nxe6 Nxe6 23. Qxe6+ Kd8 24. Rf7 Qc7 25. Qe7+ Kc8 26. Rxg7 Qc6 27. e6 Nb6 28.
Nxb6+ axb6 29. Qd7+ Qxd7 30. Rxd7 Rxa2 31. Bxh8 Rxc2 32. Rxd5 Rc5 33. Rxc5+ bxc5
34. e7 1-0